书目信息 |
| 题名: |
地下建筑规划与设计
|
|
| 作者: | 余俊 , 王薇 , 彭立敏 编著 | |
| 分册: | ||
| 出版信息: | 长沙 中南大学出版社 2012.9 |
|
| 页数: | 286页 | |
| 开本: | 26cm | |
| 丛书名: | 高等学校土木工程专业系列教材 | |
| 单 册: | ||
| 中图分类: | TU93 , TU984.11 | |
| 科图分类: | ||
| 主题词: | 地下建筑--结构设计--教材 , 地下建筑--城市规划--教材 | |
| 电子资源: | ||
| ISBN: | 978-7-5487-0670-0 | |
| 000 | 01096nam2 2200313 45 | |
| 001 | 1355760468 | |
| 005 | 20130515173529.01 | |
| 010 | @a978-7-5487-0670-0@dCNY37.00 | |
| 100 | @a20130108d2012 em y0chiy0121 ea | |
| 101 | 0 | @achi |
| 102 | @aCN@b430000 | |
| 105 | @aak a 000yy | |
| 106 | @ar | |
| 200 | 1 | @a地下建筑规划与设计@ADi Xia Jian Zhu Gui Hua Yu She Ji@f彭立敏, 王薇, 余俊编著@FPeng Li Min , Wang Wei , Yu Jun Bian Zhu |
| 210 | @a长沙@c中南大学出版社@d2012.9 | |
| 215 | @a286页@c图@d26cm | |
| 225 | 2 | @a高等学校土木工程专业系列教材 |
| 320 | @a有书目 (第285-286页) | |
| 330 | @a本书比较全面系统地介绍了城市地下建筑的国内外发展概况和所涉及诸多领域, 包括: 规划与设计理论、交通工程、商业街、贮库建筑、工业建筑等。 | |
| 461 | 0 | @12001 @a高等学校土木工程专业系列教材 |
| 606 | 0 | @a地下建筑@x结构设计@j教材 |
| 606 | 0 | @a地下建筑@x城市规划@j教材 |
| 690 | @aTU93@v5 | |
| 690 | @aTU984.11@v5 | |
| 701 | 0 | @a余俊@AYu Jun@4编著 |
| 701 | 0 | @a王薇@AWang Wei@4编著 |
| 701 | 0 | @a彭立敏@APeng Li Min@4编著 |
| 801 | @aCN@bTANGWEI@c20130112 | |
| 905 | @b0832534-38@dTU93@e596@f5 | |
| 地下建筑规划与设计/彭立敏, 王薇, 余俊编著.-长沙:中南大学出版社,2012.9 |
| 286页:图;26cm.-(高等学校土木工程专业系列教材) |
| ISBN 978-7-5487-0670-0:CNY37.00 |
| 本书比较全面系统地介绍了城市地下建筑的国内外发展概况和所涉及诸多领域, 包括: 规划与设计理论、交通工程、商业街、贮库建筑、工业建筑等。 |
| ● |
| 相关链接 |
|
|
|
|
正题名:地下建筑规划与设计
索取号:TU93/596
 
预约/预借
| 序号 | 登录号 | 条形码 | 馆藏地/架位号 | 状态 | 备注 |
| 1 | 0832534 | 208325347 | 第二样本阅览室/ [索取号:TU93/596] | 在馆 | |
| 2 | 0832535 | 208325356 | 第三借阅区/ [索取号:TU93/596] | 在馆 | |
| 3 | 0832536 | 208325365 | 密集书库-资源管理系/ [索取号:TU93/596] | 在馆 | |
| 4 | 0832537 | 208325374 | 第三借阅区/ [索取号:TU93/596] | 在馆 | |
| 5 | 0832538 | 208325383 | 第三借阅区/ [索取号:TU93/596] | 在馆 |